Statistiken für Disney-Prinzessinnen

Klicken Sie hier um das Quiz zu spielen!

Allgemein

  • Dieses Quiz wurde 2.186 mal gespielt
  • Das Durchschnittsergebnis liegt bei 9 aus 13

Antwortstatistiken

Disney-Prinzessinnen% Korrekt
Cinderella
87%
Arielle (Die kleine Meerjungfrau)
85%
Aurora (Dornröschen)
85%
Rapunzel
81%
Schneewittchen
80%
Belle (Die Schöne und das Biest)
77%
Elsa (Die Eiskönigin)
77%
Mulan
69%
Pocahontas
62%
Merida
60%
Jasmin (Aladdin)
59%
Vaiana (Moana)
54%
Tiana (Küss den Frosch)
51%

Verteilung der Resultate

Perzentil nach korrekt beantworteten Fragen

Anzahl Personen mit jedem Resultat

Ihre Resultats-Entwicklung

Sie haben dieses Quiz noch nicht gespielt